| 000 | 00350nam a22001457a 4500 | ||
|---|---|---|---|
| 020 | _qHB. | ||
| 040 | _cFIZZA ISHAQ | ||
| 082 |
_a003 _bTHO |
||
| 100 |
_aBORKY, M. JOHN. _991224 |
||
| 245 |
_aEFFECTIVE MODEL BASED SYSTEM ENGINEERING / _cJOHN M. BORKY. |
||
| 250 | _a1st ED. | ||
| 260 |
_bSPRINGER, _c2019. |
||
| 300 | _a799 P. ; | ||
| 942 |
_2ddc _cBK |
||
| 999 |
_c589400 _d589400 |
||